Statistiken für Bremen Bahnlinie 6

Klicken Sie hier um das Quiz zu spielen!

Allgemein

  • Dieses Quiz wurde 41 mal gespielt
  • Das Durchschnittsergebnis liegt bei 13 aus 25

Antwortstatistiken

Haltestelle% Korrekt
Flughafen
92%
Hauptbahnhof
86%
Domsheide
72%
Schüsselkorb
72%
Universität-Süd
67%
Am Stern
64%
Universität-Nord
64%
Herdentor
61%
Berufsbildungswerk
58%
Blumenthalstr.
58%
Emmastr.
58%
Universität/Zentralber.
58%
Flughafen-Süd
56%
H.-H.-Meier-Allee
56%
Wätjenstr.
53%
Wilh.-Kaisen-Brücke
53%
Lise-Meitner-Str.
50%
Riensberg
50%
Brahmsstr.
44%
BSAG-Zentrum
36%
Joseph-Haydn-Str.
36%
Theater am Leibnizplatz
36%
Gastfeldstr.
31%
Neuenlander Kämpe
14%
Schleiermacherstr.
11%

Verteilung der Resultate

Perzentil nach korrekt beantworteten Fragen

Anzahl Personen mit jedem Resultat

Ihre Resultats-Entwicklung

Sie haben dieses Quiz noch nicht gespielt